000 00526nam a2200193Ia 4500
005 20250818144609.0
008 008 250516s9999 xx 000 0 hin d
020 _a9789393758576
040 _beng
_cSDCL
041 _ahin
_2hin
084 _aO152,1N17:g R2
100 _aApoorvanand
_9818043
245 0 _aMuktibodh Ki Lalten
246 _aमुक्तिबोध की लालटेन
260 _aNoida:
_bSetu Prakashan,
_c2022.
300 _a406p.
650 _aHindi
_9818044
942 _cTEXL
_2CC
999 _c1430727
_d1430727